000 00737nam a2200253 a 4500
001 66248
003 BD-RjUL
005 20211209081521.0
008 170315s1939 nyua 001 0 eng u
035 _a(BD-RjUL)66378
040 _cINT
_dDAY
_dEQO
_aBD-RjUL
_beng
041 _aeng
082 _a621.3
_223
_bTII 1967
100 1 _aDawes, Chester L.
_q(Chester Laurens),
_d1886-
_9196062
245 1 0 _aIndustrial electricity /
_cby Chester L. Dawes.
250 _a2d ed.
260 _aNew York ;
_aLondon :
_bMcGraw-Hill,
_c1967
300 _av.
_bill, ;
_c21 cm.
490 0 _aElectrical engineering texts
500 _aInclude index
650 0 _aElectricity.
_9196063
650 0 _aElectrical engineering.
_9196064
942 _2ddc
_cBK
999 _c66248
_d66248